| 000 | 00761nam a22002057a 4500 | ||
|---|---|---|---|
| 999 |
_c10998 _d10998 |
||
| 003 | AR-CdUCM | ||
| 008 | 190402b ||||| |||| 00| 0 spa d | ||
| 040 |
_aMUNICIPALIDAD PROVINCIAL DEL CUSCO _cBIBLIOTECA MUNICIPAL DEL CUSCO |
||
| 082 |
_22 ed. _a373.1 / _bS17 / 1950 |
||
| 100 |
_aSáinz, Fernando _99779 |
||
| 245 | _aEl método de proyecto en las escuelas rurales / | ||
| 260 |
_aBuenos Aires : _bLosada, _c1950. |
||
| 300 |
_a153 paginas ; _c23 cm. |
||
| 505 | _aContenido : Cuestiones generales -- Las materias del programa -- Medios e instrumentos -- Medición y plano del campo -- Condiciones del terreno ... | ||
| 650 |
_aMétodo _91191 |
||
| 650 |
_aProyectos _94155 |
||
| 650 |
_aEscuelas rurales _94642 |
||
| 942 |
_2ddc _cLIBROS |
||
| 945 | _arah | ||